Clash Royale card elixir quiz - Statistics

General Stats
  • This quiz has been taken 20 times
  • The average score is 41 of 45
Answer Stats
Question Tile Select % Correct
1 elixir fire spirit Yes
100%
1 elixir log No
100%
1 elixir miner No
100%
1 elixir musketeer No
100%
1 elixir rage No
100%
4 elixir balloon No
94%
5 elixir bandit No
94%
3 elixir battle ram No
94%
3 elixir electro giant No
94%
2 elixir fire spirit No
94%
2 elixir furnace No
94%
5 elixir furnace No
94%
3 elixir giant No
94%
4 elixir giant No
94%
5 elixir giant Yes
94%
1 elixir heal spirit Yes
94%
2 elixir heal spirit No
94%
3 elixir heal spirit No
94%
3 elixir hog rider No
94%
4 elixir hog rider Yes
94%
5 elixir hog rider No
94%
1 elixir ice spirit Yes
94%
2 elixir ice spirit No
94%
2 elixir log Yes
94%
3 elixir log No
94%
4 elixir MEGAKNIGHT No
94%
2 elixir miner No
94%
3 elixir miner Yes
94%
4 elixir miner No
94%
1 elixir mirror No
94%
2 elixir rage Yes
94%
3 elixir rage No
94%
3 elixir ram rider No
94%
5 elixir balloon Yes
88%
4 elixir battle ram Yes
88%
5 elixir boss bandit No
88%
4 elixir goblin drill Yes
88%
2 elixir skeleton barrel No
88%
1 elixir skeletons Yes
88%
4 elixir lumberjack Yes
82%
2 elixir mirror No
82%
4 elixir ram rider No
82%
5 elixir mighty miner No
76%
5 elixir goblin-stein Yes
65%
5 elixir skeletons king No
47%
No matching quizzes found
Score Distribution
Percent of People with Each Score
Percentile by Number Answered
Your Score History
You have not taken this quiz